| 000 | 00754cam a2200229 a 4500 | ||
|---|---|---|---|
| 001 | 48883 | ||
| 005 | 20230410142348.0 | ||
| 008 | 061109s1998 sp 000 0 spa c | ||
| 035 | _a(OCoLC)75506372 | ||
| 041 | _aspa | ||
| 050 | 1 | 4 |
_aBX1451.3 _b.G216p 1998 |
| 049 | _aGRAL | ||
| 100 | 1 | _aGarcíia, Marciano. | |
| 245 | 1 | 3 |
_aLa presencia descubierta de Dios / _cMarciano García. |
| 260 |
_aBurgos, España : _bEditorial Monte Carmelo ; _aSanto Domingo, República Dominicana : _bEDECA, Editorial de Espiritualidad del Caribe, _c1998. |
||
| 300 |
_a151 p. ; _bills. _c22 cm. |
||
| 650 | 6 | _aCatholic | |
| 650 | 6 |
_aCatholic Church _zCuba _xHistory _y21st century. |
|
| 651 | 0 |
_aCatholic _xhistory _y20th century. |
|
| 942 |
_2lcc _cbk |
||
| 994 |
_aC0 _bDRFGD |
||
| 999 |
_c94288 _d94288 |
||